|
|
|
|
| LEADER |
00000nas a2200000 a 4500 |
| 001 |
ssj0008006 |
| 003 |
WaSeSS |
| 005 |
20200512172242.0 |
| 006 |
m d |
| 007 |
cr n |
| 008 |
930928c19939999mduer p s 0 a0eng c |
| 010 |
|
|
|a 94648459
|z sn 93001975
|
| 022 |
|
|
|l 1072-3080
|y 1072-3080
|
| 035 |
|
|
|a (WaSeSS)ssj0008006
|
| 037 |
|
|
|b Phillips Business Information, Inc., 1201 Seven Locks Rd., Potomac, MD 20854
|
| 040 |
|
|
|a NSD
|b eng
|c NSD
|d DLC
|d OCLCQ
|d U9S
|d OCLCQ
|d OCLCF
|d OCLCO
|d BEDGE
|d OCLCQ
|d WaSeSS
|
| 042 |
|
|
|a nsdp
|a pcc
|
| 050 |
0 |
0 |
|a VK562
|b .G67
|
| 082 |
0 |
0 |
|a 526/.6
|2 20
|
| 210 |
0 |
|
|a Glob. position. navig. news
|
| 222 |
|
0 |
|a Global positioning & navigation news
|
| 245 |
0 |
0 |
|a Global positioning & navigation news
|h [electronic resource].
|
| 246 |
3 |
0 |
|a Global positioning and navigation news
|
| 260 |
|
|
|a Potomac, MD :
|b Phillips Business Information, Inc.
|
| 310 |
|
|
|a Biweekly
|
| 362 |
1 |
|
|a Began in 1993.
|
| 506 |
|
|
|a License restrictions may limit access.
|
| 588 |
|
|
|a Description based on: Vol. 3, no. 21 (Oct. 21, 1993); title from caption.
|
| 588 |
|
|
|a Latest issue consulted: Vol. 4, no. 9 (May 5, 1994).
|
| 650 |
|
0 |
|a Global Positioning System
|v Periodicals.
|
| 650 |
|
6 |
|a GPS
|v Périodiques.
|
| 650 |
|
7 |
|a Publications périodiques.
|2 eclas
|
| 650 |
|
7 |
|a Technologie des communications.
|2 eclas
|
| 650 |
|
7 |
|a Aides à la navigation.
|2 eclas
|
| 650 |
|
7 |
|a Global Positioning System.
|2 fast
|0 (OCoLC)fst00943460
|
| 655 |
|
0 |
|a Electronic journals.
|
| 780 |
0 |
0 |
|t GPS report
|x 1056-7127
|w (DLC) 92640098
|w (OCoLC)23819497
|
| 850 |
|
|
|a DLC
|
| 856 |
4 |
0 |
|z Full text available from Research Library: 01/12/1995 to 12/12/2001
|u https://search.proquest.com/publication/46713
|